Uccatara bhūgola. (Record no. 80778)

MARC details
000 -LEADER
fixed length control field 00557cam a22002291 4500
001 - CONTROL NUMBER
control field sa 68005570
003 - CONTROL NUMBER IDENTIFIER
control field DLC
005 - DATE AND TIME OF LATEST TRANSACTION
control field 20260227112509.0
008 - FIXED-LENGTH DATA ELEMENTS--GENERAL INFORMATION
fixed length control field 950301m19679999bg ab 000 0 beno
010 ## - LIBRARY OF CONGRESS CONTROL NUMBER
LC control number sa 68005570
025 ## - OVERSEAS ACQUISITION NUMBER
Overseas acquisition number PL480:EP-B-1325
035 ## - SYSTEM CONTROL NUMBER
System control number (OCoLC)32071369
040 ## - CATALOGING SOURCE
Original cataloging agency DLC
Transcribing agency CU
Modifying agency CU
-- DLC
050 00 - LIBRARY OF CONGRESS CALL NUMBER
Classification number G126
Item number .A2
100 0# - MAIN ENTRY--PERSONAL NAME
Personal name Abdur Rouf,
Dates associated with a name 1934-
245 10 - TITLE STATEMENT
Title Uccatara bhūgola.
260 ## - PUBLICATION, DISTRIBUTION, ETC.
Date of publication, distribution, etc. 1967-
300 ## - PHYSICAL DESCRIPTION
Extent v.
Other physical details ill., maps.
Dimensions 23 cm.
500 ## - GENERAL NOTE
General note In Bengali.
650 #0 - SUBJECT ADDED ENTRY--TOPICAL TERM
Topical term or geographic name entry element Geography
Form subdivision Textbooks.
700 0# - ADDED ENTRY--PERSONAL NAME
Personal name Abdul Halim.

No items available.

Powered by Koha